000 00343 a2200109 4500
001 ART_45059
005 20260410162039.0
008 260409a
245 1 0 _aEl recurso organizativo como base de la acción sindical
100 1 _aDuhalde, Santiago
773 0 _tEstudios del trabajo
_g- Nº 49/50 (ene./dic. 2015)
_wREV44896
999 _c34746
_d34746